LDR 00815naa#a2200229#i#450# 001 EN\\bibl\122041 005 20260604070636.4 011 ## _a1998-6785 100 ## _a20230621b2023####ek#y0engy0150####ca 102 ## _aRU 200 1# _aImperial canon and imperial idea in a post-imperial perspective _eJournal article 210 1# _aVladivostok _cVladivostok State University _d2023 215 ## _a14 с. 608 ## _aJournal article _2local 675 ## _aОбщественнонаучные аспекты развития в обществах и между обществами. 304.5 _z 700 #1 _aYAchin _gSyergyey Evgen'evich 700 #1 _aAkulich _gGleb A. 700 #1 _aZabirova _gNatalya V. 700 #1 _aMalyshev _gAlexander S. 700 #1 _aTyutchenko _gDaniil A. 700 #1 _aFilippov _gNikita S. 856 4# _aojkum.editorum.ru _u